| 000 | 00765nas a2200229 a 4500 | ||
|---|---|---|---|
| 005 | 20250415093849.0 | ||
| 007 | ta | ||
| 008 | 250127e2022 dr |||||r||||||0| 0 spa d | ||
| 040 |
_aDO-SdBNP _cDO-SdBNP _erda |
||
| 041 | _hspa | ||
| 110 |
_aUnión de Farmacias, Inc. _986918 |
||
| 245 |
_aNotifarxma / _cUnión de Farmacias, Inc. |
||
| 264 |
_aSanto Domingo, República Dominicana : _bUnión de Farmacias, _c2022. |
||
| 300 |
_avolumen : _bilustraciones, fotografías, gráficas, tablas ; _c28 cm. |
||
| 310 | _aMensual | ||
| 336 |
_atexto _btxt _2rdacontent |
||
| 337 |
_asin mediación _bc _2rdamedia |
||
| 338 |
_avolumen _bnc _2rdacarrier |
||
| 362 | _aNo. 26, marzo 2022. | ||
| 650 | 0 |
_aFarmacéutica _vPublicaciones periódicas _986919 |
|
| 942 |
_2ddc _cISSUE |
||
| 999 |
_c58090 _d58090 |
||